书目信息 |
| 题名: |
电脑英才:富士通公司池田敏雄传
|
|
| 作者: | 成思危 主编 | |
| 分册: | ||
| 出版信息: | 北京 华夏出版社 2000.01 |
|
| 页数: | 268页 | |
| 开本: | 32开 | |
| 丛书名: | ||
| 单 册: | ||
| 中图分类: | K833.13 | |
| 科图分类: | ||
| 主题词: | 历史 , 地理 | |
| 电子资源: | ||
| ISBN: | 7-5080-2071-5 | |
| 000 | 00612nam0 2200205 45 | |
| 001 | 0010032077 | |
| 005 | 20001003205449.4 | |
| 010 | @a7-5080-2071-5@d18.80元 | |
| 100 | @a20001003d2000 km y0chiy0120 ea | |
| 101 | 0 | @achi |
| 105 | @a z 000yy | |
| 200 | 1 | @a电脑英才:富士通公司池田敏雄传@ADian Nao Ying Cai:Fu Shi Tong Gong Si Chi Tian Min Xiong Chuan@f成思危主编@FCheng Si Wei Zhu Bian |
| 210 | @a北京@c华夏出版社@d2000.01 | |
| 215 | @a268页@d32开 | |
| 606 | 0 | @a历史 |
| 606 | 0 | @a地理 |
| 690 | @aK833.13@v3 | |
| 701 | 0 | @a成思危@4主编 |
| 801 | @aCN@bPftUser@c20001003 | |
| 905 | @b413611@dK833.13@eT981@f1 | |
| 电脑英才:富士通公司池田敏雄传/成思危主编.-北京:华夏出版社,2000.01 |
| 268页;32开 |
| ISBN 7-5080-2071-5:18.80元 |
| ● |
| 相关链接 |
|
|
|
正题名:电脑英才:富士通公司池田敏雄传
索取号:K833.13/T981
 
预约/预借
| 序号 | 登录号 | 条形码 | 馆藏地/架位号 | 状态 | 备注 |
| 1 | 413611 | 204136112 | 社科二线400B/309社科库 60排6列2层/ [索取号:K833.13/T981] | 在馆 |